MARC

LEADER 00000nam0a2200000 4500
001 244216
005 20231101232031.0
035 |a (RuTPU)RU\TPU\book\265598 
090 |a 244216 
100 |a 20131017d1966 km y0rusy50 ca 
101 0 |a rus 
102 |a RU 
105 |a a z 001cy 
200 1 |a Нить жизни: очерки о генетике  |f Н. П. Дубинин, В. С. Губарев 
210 |a Москва  |c Атомиздат  |d 1966 
215 |a 168 с.  |c ил. 
320 |a Словарь терминов: с. 165-167 
606 1 |a Генетика  |2 stltpush  |3 (RuTPU)RU\TPU\subj\5872  |9 33860 
610 1 |a наследственность 
610 1 |a отбор 
610 1 |a гибриды 
610 1 |a клетки 
610 1 |a катастрофы 
610 1 |a радиация 
610 1 |a гены 
675 |a 575  |v 4 
700 1 |a Дубинин  |b Н. П.  |g Николай Петрович 
701 1 |a Губарев  |b В. С.  |g Владимир Степанович 
801 1 |a RU  |b 63413507  |c 20131017 
801 2 |a RU  |b 63413507  |c 20171201  |g RCR 
942 |c BK